Study on the use of geographic information system (GIS) To create a bus route map in phnom penh city, សិក្សាពីការប្រើប្រាស់ប្រព័ន្ធព័ត៌មានភូមិសាស្រ្ត (GIS) ដើម្បីបង្កើតផែនទីតម្រាយផ្លូវរត់រថយន្តក្រុង​នៅរាជធានីភ្នំពេញ (Record no. 25749)

000 -LEADER
fixed length control field 00716nam a22001217a 4500
040 ## - CATALOGING SOURCE
Transcribing agency RUA
082 ## - DEWEY DECIMAL CLASSIFICATION NUMBER
Classification number LMA SEU 2025 B701 Or.1
100 ## - MAIN ENTRY--AUTHOR NAME
Personal name SEUN KIMSEANG, ស៊ឺន គឹមសៀង
245 ## - TITLE STATEMENT
Title Study on the use of geographic information system (GIS) To create a bus route map in phnom penh city, សិក្សាពីការប្រើប្រាស់ប្រព័ន្ធព័ត៌មានភូមិសាស្រ្ត (GIS) ដើម្បីបង្កើតផែនទីតម្រាយផ្លូវរត់រថយន្តក្រុង​នៅរាជធានីភ្នំពេញ
260 ## - PUBLICATION, DISTRIBUTION, ETC. (IMPRINT)
Place of publication PHNOM PENH
Name of publisher RUA
Year of publication 2025
300 ## - PHYSICAL DESCRIPTION
Number of Pages xi,46p.
Other physical details ill.
Dimensions 29cm.
942 ## - ADDED ENTRY ELEMENTS (KOHA)
Koha item type LMA
952 ## - LOCATION AND ITEM INFORMATION (KOHA)
Withdrawn status [LOCAL, KOHA] 0
952 ## - LOCATION AND ITEM INFORMATION (KOHA)
Withdrawn status [LOCAL, KOHA] 0
Holdings
Permanent Location Date acquired Koha item type Lost status Shelving location Barcode Current Location Full call number
Library Block B2026-05-12LMA B701B712977Library Block BLMA SEU 2025 B701 Or.1
Library Block B2026-05-12LMA B701B712980Library Block BLMA SEU 2025 B701 Or.2
មជ្ឈមណ្ឌលឯការនៃសាកលវិទ្យាល័យភូមិន្ទកសិកម្មចំការដូង

Powered by Koha